Mondaq Business Briefing

Bibliographic Details
Format: Unknown
Language:English
Published: London : Mondaq Ltd.
Subjects:
Online Access:Acceso restringido

MARC

LEADER 00000ny a22000003n 4500
005 20110511140421.0
008 071017c20019999us zr pss 0 a0eng d
035 |a 3028 
040 |a BUS  |d vLex 
090 |c 1689  |d 1689 
245 3 0 |a Mondaq Business Briefing  |h [Recurso electrn̤ico] 
256 |a Servicio en ln̕ea 
260 |a London :  |b Mondaq Ltd. 
506 1 |a Contenido solo disponible en los productos indicados  |d vLex Global  |d vLex Global (Academic Edition, excluding Law Schools)  |d vLex Global (Academic Edition, Law Schools) 
650 0 4 |a Negocios  |x Publicaciones perid̤icas 
740 0 |a vLex Revista (Servicios en ln̕ea) 
843 |a Electrn̤ica. Abierta 
853 |8 1  |i (year)  |j (month)  |k (day) 
856 4 0 |z Acceso restringido  |u http://vlex.com/account/login_ip?fuente_id=3028  
942 |c REV